Statistiques concernant Réplique film - La Boum

Cliquez ici pour prendre le quiz!

Statistiques générales

  • Ce quiz a été pris 28 fois
  • Le résultat moyen est 49 sur 84

Statistiques - réponses

Mots% Correct
à
87%
à
87%
à
87%
ma
87%
ma
87%
vous
78%
vous
78%
vous
78%
vous !
78%
vous
78%
Vous
78%
vous
78%
vous
78%
de
74%
de
74%
de
74%
de
74%
de
74%
Ça
70%
Ça
70%
le
70%
me
70%
me
70%
me
70%
avez
65%
avez
65%
en
65%
en
65%
même
65%
même
65%
même
65%
mon
65%
ou
65%
pas
65%
pas
65%
plus
61%
plus
61%
plus
61%
chaussettes
57%
dans
57%
j’ai
57%
J’ai
57%
j’ai
57%
j’ai
57%
que
57%
que
57%
rien
57%
rien
57%
rien
57%
est
52%
faire
52%
faire
52%
gourmette
52%
heureuse
52%
mettre
52%
temps
52%
tiroir,
52%
vu !
52%
bien
48%
bouffer !
48%
égal
48%
fait
48%
foutre,
48%
frange,
48%
malheureuse !
48%
mes
48%
or
48%
qu'à
48%
raccourci
48%
façon
43%
j’suis
43%
pensez
43%
savoir
43%
si
43%
toute
43%
êtes
39%
l’avez
39%
leçons,
35%
ni
35%
réciter
35%
laissez
30%
paumé
30%
tomber,
30%
aperçu
22%

Distribution des résultats

Percentile par nombre de réponses

% des personnes avec chaque résultat

Votre développement - résultats

Vous n’avez pas pris ce quiz